[Event "Reykjavik Open 2024"]
[Site "Reykjavik ISL"]
[Date "2024.03.15"]
[Round "1.50"]
[White "Thorhallsson, Throstur"]
[Black "Gudmundsson, Gunnar Erik"]
[Result "1-0"]
[WhiteTitle "GM"]
[WhiteElo "2388"]
[BlackElo "2009"]
[WhiteFideId "2300109"]
[BlackFideId "2314339"]
[EventDate "2024.03.15"]

1. e4 e6 2. d4 d5 3. Nc3 Bb4 4. Ne2 dxe4 5. a3 Bxc3+ 6. Nxc3 Nc6 7. Bb5 Ne7 8.
Nxe4 Qd5 9. Qd3 f5 10. Ng3 O-O 11. Ne2 Qxg2 12. Rg1 Qe4 13. Qg3 Ng6 14. c3 e5
15. Bd3 Qh4 16. Qg2 Qf6 17. Bc4+ Kh8 18. Bg5 Qd6 19. O-O-O f4 20. dxe5 Qxe5 21.
Nd4 Nxd4 22. Rxd4 c6 23. h4 f3 24. Qf1 Be6 25. h5 Nf4 26. Rxf4 Rxf4 27. Bxe6 Re4
28. Bc4 Re8 29. h6 g6 30. Qd3 Re1+ 31. Rxe1 Qxe1+ 32. Kc2 Qxf2+ 33. Kb3 Qb6+ 34.
Ka2 c5 35. Qxf3 1-0

[Event "Reykjavik Open 2024"]
[Site "Reykjavik ISL"]
[Date "2024.03.15"]
[Round "1.52"]
[White "Sidhant, Mohapatra"]
[Black "Cherukuri, Nitesh"]
[Result "1-0"]
[WhiteTitle "IM"]
[WhiteElo "2379"]
[BlackElo "2000"]
[WhiteFideId "5028698"]
[BlackFideId "30978688"]
[EventDate "2024.03.15"]

1. e4 c6 2. d4 d5 3. e5 c5 4. c3 Nc6 5. Be2 cxd4 6. cxd4 Bf5 7. Nf3 e6 8. O-O h6
9. Nc3 g5 10. Be3 Nge7 11. Rc1 Ng6 12. Na4 Be7 13. Nc5 Rb8 14. Ne1 Nf4 15. Bb5
Qb6 16. Qa4 Bxc5 17. Rxc5 O-O 18. Qd1 Kh7 19. b3 Rg8 20. f3 Nb4 21. g4 Bg6 22.
Bxf4 gxf4 23. Qd2 Na6 24. Bxa6 Qxa6 25. Ng2 Rbc8 26. Rfc1 Rxc5 27. Rxc5 h5 28.
h3 hxg4 29. hxg4 b6 30. Rc7 Rc8 31. Rxc8 Qxc8 32. Nxf4 Bb1 33. Nh5 Kg6 34. Qf4
Qd8 35. Qc1 Bf5 36. Nf4+ Kh7 37. gxf5 Qh4 38. fxe6 fxe6 39. Qc7+ Kh6 40. Qf7 1-0

[Event "Reykjavik Open 2024"]
[Site "Reykjavik ISL"]
[Date "2024.03.15"]
[Round "1.53"]
[White "Pozimski, Szymon"]
[Black "Lu, Maximillian"]
[Result "0-1"]
[BlackTitle "IM"]
[WhiteElo "1999"]
[BlackElo "2375"]
[WhiteFideId "1138855"]
[BlackFideId "2096242"]
[EventDate "2024.03.15"]

1. Nf3 d5 2. g3 Nc6 3. d4 Bf5 4. Bg2 Nb4 5. Na3 e6 6. O-O Nf6 7. Bg5 Be7 8. c3
Nc6 9. Nc2 O-O 10. Nce1 h6 11. Bxf6 Bxf6 12. Nd3 Qd6 13. Qd2 Na5 14. Nde5 Bxe5
15. Nxe5 f6 16. Nf3 Nc4 17. Qc1 e5 18. Nd2 Nxd2 19. Qxd2 Rad8 20. Rfd1 c6 21.
Re1 Bh7 22. Rad1 Qc7 23. Qc1 Kh8 24. e3 h5 25. c4 e4 26. cxd5 Rxd5 27. Qc2 Qe7
28. Bf1 Rfd8 29. Bc4 R5d6 30. Qe2 Qe8 31. Kg2 g5 32. Rh1 Bf5 33. h3 Kg7 34. b4
Qd7 35. Qc2 h4 36. g4 Bg6 37. Rhg1 f5 38. Be2 Rf8 39. Kh1 Rdf6 40. Rdf1 Kh6 41.
gxf5 Bxf5 42. Bg4 Bxg4 43. Rxg4 Rf3 44. Qxe4 R8f4 45. exf4 Rxh3+ 46. Kg1 Qxg4+
47. Qg2 Qxg2+ 48. Kxg2 Rd3 49. fxg5+ Kxg5 50. Rc1 Rxd4 51. b5 cxb5 52. Rc5+ Kg4
53. Rxb5 h3+ 54. Kh2 b6 55. Rb2 Ra4 56. Kg1 Ra3 57. Kh2 Kf4 58. Rd2 Ke4 59. Rb2
Kd4 60. Rc2 b5 61. Kg1 a5 62. Kh2 b4 63. Re2 Rf3 64. Rb2 Kc4 65. Rc2+ Rc3 66.
Re2 Rf3 67. Rb2 a4 68. Rc2+ Kd3 69. Rb2 Kc3 70. Re2 b3 71. axb3 axb3 0-1

[Event "Reykjavik Open 2024"]
[Site "Reykjavik ISL"]
[Date "2024.03.15"]
[Round "1.54"]
[White "Jacobsen, Mikkel Manosri"]
[Black "Bik, Wouter"]
[Result "1-0"]
[WhiteTitle "FM"]
[WhiteElo "2367"]
[BlackElo "1998"]
[WhiteFideId "1444514"]
[BlackFideId "1037749"]
[EventDate "2024.03.15"]

1. c4 g6 2. Nc3 Bg7 3. g3 d6 4. Bg2 Nf6 5. d3 O-O 6. e3 e5 7. Nge2 c6 8. e4 Be6
9. f4 exf4 10. Nxf4 Nbd7 11. h3 Qa5 12. O-O Rad8 13. Be3 a6 14. Qd2 Ne5 15. b3
c5 16. a3 Qc7 17. b4 b6 18. Rf2 Nc6 19. Raf1 Rfe8 20. Nfd5 Bxd5 21. cxd5 cxb4
22. axb4 Nh5 23. dxc6 Qxc6 24. Nd5 Nxg3 25. Rc1 Qd7 26. Bh6 Nh5 27. Bxg7 Kxg7
28. Qb2+ Kg8 29. Bf3 Qxh3 30. Bxh5 1-0

[Event "Reykjavik Open 2024"]
[Site "Reykjavik ISL"]
[Date "2024.03.15"]
[Round "1.55"]
[White "Dietzsch, Herbert"]
[Black "Dauner, Benedikt"]
[Result "0-1"]
[BlackTitle "FM"]
[WhiteElo "1998"]
[BlackElo "2366"]
[WhiteFideId "4608364"]
[BlackFideId "16225899"]
[EventDate "2024.03.15"]

1. e4 c5 2. Nf3 e6 3. d4 cxd4 4. Nxd4 Nf6 5. Nc3 Nc6 6. Ndb5 Bc5 7. Bf4 O-O 8.
Bc7 Qe7 9. Bd6 Bxd6 10. Qxd6 Qd8 11. O-O-O a6 12. Nd4 Ne7 13. Bd3 b5 14. f3 Ne8
15. Qg3 b4 16. Nce2 Qa5 17. Kb1 d6 18. h4 e5 19. Nb3 Qb6 20. f4 Nc6 21. f5 a5
22. Rhf1 Nf6 23. Qf3 a4 24. Nd2 h5 25. Qf2 Qxf2 26. Rxf2 Rd8 27. Ng3 Ng4 28. Rf3
Nd4 29. Nxh5 Nxf3 30. gxf3 Nf6 31. Nxf6+ gxf6 32. Nc4 Bb7 33. Ne3 Kf8 34. Bc4
Rac8 35. Bb5 a3 36. bxa3 Rc3 37. Nc4 Rxf3 38. axb4 Bxe4 39. Rxd6 Rb8 40. a4 Bxf5
41. Kb2 Be6 42. Rb6 Rd8 43. a5 Rf4 44. Rxe6 fxe6 45. Kb3 Rf3+ 46. Ka4 Rc3 47. a6
Rxc2 48. Nb6 e4 49. a7 Ra2+ 0-1

[Event "Reykjavik Open 2024"]
[Site "Reykjavik ISL"]
[Date "2024.03.15"]
[Round "1.56"]
[White "Ruiz Buendia, Miguel"]
[Black "Frank, Anton 2006"]
[Result "1/2-1/2"]
[WhiteTitle "FM"]
[WhiteElo "2366"]
[BlackElo "1996"]
[WhiteFideId "24537675"]
[BlackFideId "1752383"]
[EventDate "2024.03.15"]

1. e4 e5 2. Nf3 Nc6 3. Bb5 Nf6 4. O-O Nxe4 5. Re1 Nd6 6. Nxe5 Be7 7. Bf1 Nxe5 8.
Rxe5 O-O 9. Nc3 Ne8 10. Nd5 Bd6 11. Re1 c6 12. Ne3 Be7 13. c4 Nc7 14. d4 d5 15.
cxd5 Bb4 16. Bd2 Bxd2 17. Qxd2 Nxd5 18. Nxd5 Qxd5 19. Re7 Bd7 20. Qb4 Rae8 21.
Bc4 Qxc4 22. Qxc4 Rxe7 23. h3 Rfe8 24. Qb4 Be6 25. Re1 Rd7 26. a3 Red8 27. Re3
a6 28. Rg3 Kh8 29. Kh2 h6 30. Qa5 Rg8 31. Qe5 Rd5 32. Qc7 Rd7 33. Qf4 Kh7 34.
Qe4+ Kh8 35. a4 Bd5 36. Qe5 Be6 37. Qc5 Rd5 38. Qb6 Rd7 39. a5 Rgd8 40. Ra3 Re8
41. Re3 Red8 42. Kg3 Kh7 43. f3 Kh8 44. Ra3 Re8 45. Ra4 Bd5 46. Rb4 Kh7 47. Qa7
Ree7 48. Qb8 Rc7 49. Qa7 Rcd7 50. Qc5 Kg8 51. Kf2 Kh7 52. h4 Kg8 53. Qc1 Re6 54.
Qf4 Ree7 55. g4 Re8 56. h5 Rde7 57. Qd2 Rd7 58. g5 hxg5 59. Qxg5 Re6 60. Ra4 Rf6
61. Ra3 Be6 62. Qg3 Kh7 63. Ra1 Rxd4 64. Ke3 Rb4 65. Rg1 Bg4 66. fxg4 Rb3+ 67.
Kd4 Rxg3 68. Rxg3 Rd6+ 69. Ke4 Rd5 70. Rb3 Rxa5 71. Rxb7 f6 72. Rc7 Rc5 73. b4
Rc4+ 74. Kf5 Rxb4 75. Rxc6 Rb5+ 76. Kf4 a5 1/2-1/2

[Event "Reykjavik Open 2024"]
[Site "Reykjavik ISL"]
[Date "2024.03.15"]
[Round "1.57"]
[White "Ostensson, Julia"]
[Black "Heimisson, Hilmir Freyr"]
[Result "0-1"]
[BlackTitle "IM"]
[WhiteElo "1996"]
[BlackElo "2355"]
[WhiteFideId "1747703"]
[BlackFideId "2309998"]
[EventDate "2024.03.15"]

1. e4 c5 2. Nf3 d6 3. Bb5+ Nd7 4. c3 Nf6 5. Qe2 a6 6. Ba4 b5 7. Bc2 Bb7 8. d4 g6
9. O-O Bg7 10. Re1 O-O 11. a4 Qb6 12. Na3 e5 13. d5 c4 14. Be3 Nc5 15. Nd2 Nfd7
16. f3 Rfb8 17. Reb1 Bc8 18. Qf2 Qd8 19. Kh1 Qf8 20. g3 f5 21. Qg1 Nf6 22. axb5
axb5 23. Rf1 Bd7 24. Rae1 Na4 25. Bxa4 Rxa4 26. Nc2 Ra2 27. Rb1 Qc8 28. Nb4 Raa8
29. Ra1 fxe4 30. Rxa8 Rxa8 31. Nxe4 Nxe4 32. fxe4 Bh3 33. Rf2 Qg4 34. Qb1 Bh6
35. Nc2 Qxe4+ 36. Kg1 Bxe3 0-1

[Event "Reykjavik Open 2024"]
[Site "Reykjavik ISL"]
[Date "2024.03.15"]
[Round "1.58"]
[White "Domalchuk-Jonasson, Aleksandr"]
[Black "Skaslien, Ingrid"]
[Result "1-0"]
[WhiteTitle "FM"]
[WhiteElo "2355"]
[BlackElo "1996"]
[WhiteFideId "14142805"]
[BlackFideId "1520660"]
[EventDate "2024.03.15"]

1. d4 d5 2. Nf3 e6 3. g3 Nf6 4. c4 dxc4 5. Bg2 a6 6. a4 Nc6 7. a5 Bb4+ 8. Bd2
Qe7 9. Qc2 O-O 10. O-O Bd7 11. Qxc4 Rfd8 12. Rc1 Rac8 13. Bc3 Ne4 14. Bxb4 Nxb4
15. Nc3 Bc6 16. e3 Nf6 17. Qe2 b5 18. e4 Nd7 19. Rd1 Bb7 20. Rd2 c5 21. Rad1
cxd4 22. Rxd4 Nc6 23. Rd6 Nde5 24. Rxd8+ Rxd8 25. Nxe5 Nxe5 26. Na2 Nc4 27. b4
e5 28. f3 h6 29. Bf1 Bc8 30. Qe1 Qa7+ 31. Kh1 Rxd1 32. Qxd1 Be6 33. Nc1 Qe3 34.
Nd3 Qd4 35. Qc1 Ne3 36. Be2 Bh3 37. Qc5 Qa1+ 38. Qc1 Qd4 39. Qb2 Qa7 40. Qxe5
Bg2+ 41. Kg1 Nc2+ 42. Kxg2 Qe3 43. Kf1 Nd4 44. Nf4 g5 45. Qe8+ Kg7 46. Nh5+ Kg6
47. Qg8+ 1-0

[Event "Reykjavik Open 2024"]
[Site "Reykjavik ISL"]
[Date "2024.03.15"]
[Round "1.59"]
[White "Anishka, Vikram"]
[Black "Lohia, Sohum"]
[Result "0-1"]
[WhiteTitle "WCM"]
[BlackTitle "FM"]
[WhiteElo "1995"]
[BlackElo "2354"]
[WhiteFideId "45013314"]
[BlackFideId "5819369"]
[EventDate "2024.03.15"]

1. d4 Nf6 2. c4 e6 3. Nc3 Bb4 4. e3 b6 5. Bd2 Bb7 6. Nf3 O-O 7. Bd3 d6 8. O-O
Nbd7 9. a3 Bxc3 10. Bxc3 Ne4 11. Be1 f5 12. Qc2 Qf6 13. Nd2 Nxd2 14. Bxd2 e5 15.
Bc3 Qg6 16. f3 e4 17. fxe4 fxe4 18. Be2 Qg5 19. Qd2 c6 20. b4 Rae8 21. a4 Bc8
22. a5 Nf6 23. axb6 Bh3 24. Rf2 axb6 25. b5 Nd5 26. Bg4 Rxf2 27. Qxf2 Bxg4 28.
cxd5 Qxd5 29. bxc6 Qxc6 30. Rf1 Be6 31. d5 Qxc3 32. dxe6 Qf6 33. Qc2 Qxe6 34.
Qc6 d5 35. Qb7 d4 36. exd4 e3 37. d5 Qg6 38. d6 e2 39. Qd5+ Qe6 40. Qxe6+ Rxe6
41. Re1 Kf8 42. Kf2 Ke8 0-1

[Event "Reykjavik Open 2024"]
[Site "Reykjavik ISL"]
[Date "2024.03.15"]
[Round "1.60"]
[White "Moksh, Amit Doshi"]
[Black "Joel Paul Ganta"]
[Result "1-0"]
[WhiteTitle "IM"]
[BlackTitle "CM"]
[WhiteElo "2353"]
[BlackElo "1993"]
[WhiteFideId "25064967"]
[BlackFideId "35066145"]
[EventDate "2024.03.15"]

1. d4 d5 2. c4 c6 3. Nf3 Nf6 4. Nc3 e6 5. e3 Nbd7 6. Qc2 Bd6 7. Be2 O-O 8. O-O
b6 9. e4 dxe4 10. Nxe4 Nxe4 11. Qxe4 Bb7 12. Rd1 Rb8 13. Bg5 Be7 14. Bd3 g6 15.
Bh6 c5 16. Qf4 Re8 17. dxc5 Bxf3 18. Qxf3 Bxc5 19. Bc2 Qe7 20. Ba4 Red8 21. Qg3
Rbc8 22. h4 Nf8 23. h5 Bd4 24. Rxd4 Rxd4 25. Qe5 1-0

[Event "Reykjavik Open 2024"]
[Site "Reykjavik ISL"]
[Date "2024.03.15"]
[Round "1.61"]
[White "Andersen, Lars Christoff"]
[Black "Thorfinnsson, Bjorn"]
[Result "0-1"]
[BlackTitle "IM"]
[WhiteElo "1993"]
[BlackElo "2353"]
[WhiteFideId "1412760"]
[BlackFideId "2300982"]
[EventDate "2024.03.15"]

1. Nf3 Nf6 2. c4 c5 3. g3 d6 4. Bg2 g6 5. O-O Bg7 6. Nc3 Nc6 7. d4 cxd4 8. Nxd4
O-O 9. Nc2 Be6 10. b3 Qc8 11. Bb2 Rd8 12. e4 Bh3 13. Re1 Bxg2 14. Kxg2 a6 15.
Rc1 Qd7 16. Na4 Rab8 17. Nb6 Qc7 18. Bxf6 Qxb6 19. Bxg7 Kxg7 20. Ne3 Qd4 21.
Qxd4+ Nxd4 22. Red1 Ne6 23. Nd5 Kf8 24. b4 b6 25. f4 Rdc8 26. f5 Ng5 27. Rd4 e5
28. fxe6 fxe6 29. Rf1+ Kg7 30. Ne3 Nf7 31. a4 Rb7 32. Rb1 h5 33. h4 Kf6 34. g4
hxg4 35. Nxg4+ Ke7 36. Ne3 Ne5 37. Rbd1 Rd7 38. Kg3 Nc6 39. R4d2 Nxb4 40. e5 d5
41. cxd5 Nxd5 42. Nxd5+ Rxd5 43. Rxd5 exd5 44. Rxd5 Rd8 45. Rxd8 Kxd8 46. Kf4
Ke7 47. Kg5 b5 48. axb5 axb5 0-1

[Event "Reykjavik Open 2024"]
[Site "Reykjavik ISL"]
[Date "2024.03.15"]
[Round "1.62"]
[White "Stelmaszyk, Nico"]
[Black "Sachi Jain"]
[Result "1-0"]
[WhiteTitle "FM"]
[BlackTitle "WCM"]
[WhiteElo "2347"]
[BlackElo "1992"]
[WhiteFideId "16200462"]
[BlackFideId "25974050"]
[EventDate "2024.03.15"]

1. e4 e5 2. Nf3 Nc6 3. Bb5 a6 4. Ba4 Nf6 5. Nc3 b5 6. Bb3 Be7 7. a4 b4 8. Nd5
O-O 9. O-O d6 10. Re1 Rb8 11. c3 Bg4 12. Bc4 a5 13. h3 Bxf3 14. Qxf3 Nxd5 15.
Bxd5 Qd7 16. Bc4 Nd8 17. d4 Bf6 18. d5 c5 19. cxb4 cxb4 20. Bb5 Qe7 21. Be3 Bg5
22. Rac1 Nb7 23. Red1 Bxe3 24. Qxe3 Nc5 25. Rxc5 dxc5 26. d6 Qa7 27. Rd5 Rfd8
28. d7 Rb7 29. Qg5 f6 30. Qg4 Qb6 31. Qd1 Rc7 32. Rd6 Qb7 33. Qh5 Qb8 34. Qe8+
Rxe8 35. dxe8=Q+ Qxe8 36. Bxe8 c4 37. Rc6 Rxc6 38. Bxc6 Kf8 39. Bd5 c3 40. bxc3
bxc3 41. Bb3 Ke7 42. Kf1 Kd6 43. Ke2 Kc5 44. Kd3 Kb4 45. Bc2 h6 46. g4 g5 47. f3 1-0

[Event "Reykjavik Open 2024"]
[Site "Reykjavik ISL"]
[Date "2024.03.15"]
[Round "1.64"]
[White "Risting, Eivind Olav"]
[Black "Haraldsson, Haraldur"]
[Result "1-0"]
[WhiteTitle "FM"]
[WhiteElo "2336"]
[BlackElo "1991"]
[WhiteFideId "1517333"]
[BlackFideId "2311100"]
[EventDate "2024.03.15"]

1. d4 Nf6 2. c4 e6 3. Nc3 d5 4. cxd5 exd5 5. Bg5 c6 6. Qc2 Bd6 7. e3 O-O 8. Bd3
h6 9. Bh4 Re8 10. Nge2 a5 11. h3 Na6 12. a3 Nc7 13. O-O Ne6 14. Rad1 Bd7 15. f3
Ng5 16. f4 Ne6 17. Ng3 Nf8 18. Rf3 Be7 19. Nf5 Bxf5 20. Bxf5 N6d7 21. Bf2 Nb6
22. Bd3 Nfd7 23. e4 dxe4 24. Nxe4 Nd5 25. Bc4 N7f6 26. Nc5 Qc7 27. Nd3 Rad8 28.
Ne5 Bd6 29. Ba2 Re7 30. Bh4 Re6 31. Rc1 Qb6 32. Bf2 Ree8 33. Bb1 Kf8 34. g4 Qc7
35. Ba2 Qb6 36. g5 Ng8 37. Bxd5 cxd5 38. g6 f6 39. Rb3 Qa6 40. Qf5 Bb8 41. Nd7+ 1-0

[Event "Reykjavik Open 2024"]
[Site "Reykjavik ISL"]
[Date "2024.03.15"]
[Round "1.65"]
[White "Baldursson, Rani"]
[Black "Pigott, John C"]
[Result "1-0"]
[BlackTitle "IM"]
[WhiteElo "1989"]
[BlackElo "2326"]
[WhiteFideId "7200668"]
[BlackFideId "400459"]
[EventDate "2024.03.15"]

1. e4 c5 2. Nc3 Nc6 3. f4 g6 4. Nf3 Bg7 5. Bb5 Nd4 6. O-O Nh6 7. Kh1 a6 8. Bc4
e6 9. a4 b6 10. d3 f5 11. Ne2 Nxf3 12. gxf3 Bb7 13. Qe1 O-O 14. e5 Kh8 15. d4
Qc7 16. dxc5 Qxc5 17. b3 Rfd8 18. Ng3 Nf7 19. Be3 Qc6 20. Qb4 g5 21. Nxf5 gxf4
22. Nxg7 fxe3 23. Qe7 Nxe5 24. Nh5 Qxf3+ 25. Rxf3 Bxf3+ 26. Kg1 Rg8+ 27. Ng3
Raf8 28. Rf1 Rf5 29. Bd3 Nxd3 30. cxd3 Rf4 31. Qd6 1-0

[Event "Reykjavik Open 2024"]
[Site "Reykjavik ISL"]
[Date "2024.03.15"]
[Round "1.66"]
[White "Cieslak, Patryk"]
[Black "Heer, Stephan"]
[Result "1-0"]
[WhiteTitle "FM"]
[WhiteElo "2325"]
[BlackElo "1987"]
[WhiteFideId "21078882"]
[BlackFideId "1302345"]
[EventDate "2024.03.15"]

1. e4 c5 2. Nf3 d6 3. d4 cxd4 4. Nxd4 Nf6 5. Nc3 a6 6. h3 e5 7. Nb3 Be7 8. g4 h6
9. Be3 b5 10. Nd5 Bb7 11. Bb6 Qc8 12. Nc7+ Kf8 13. f3 Nbd7 14. Nxa8 Qxa8 15. Bf2
Bxe4 16. Be2 Bg6 17. O-O Nd5 18. h4 Nf4 19. h5 Bh7 20. Bg3 Nd5 21. Bf2 Nf4 22.
Be3 Nd5 23. Bd2 Qa7+ 24. Kg2 Ne3+ 25. Bxe3 Qxe3 26. Bd3 Bxd3 27. cxd3 Bh4 28.
Rc1 Qf4 29. Kh1 Ke7 30. Qe2 Bg5 31. Rc7 g6 32. d4 Qg3 33. Qh2 Qxh2+ 34. Kxh2
Bf4+ 35. Kh1 g5 36. Rd1 e4 37. fxe4 Ke6 38. d5+ 1-0

[Event "Reykjavik Open 2024"]
[Site "Reykjavik ISL"]
[Date "2024.03.15"]
[Round "1.67"]
[White "Larson, Gerald"]
[Black "Kistrup, Nicolai"]
[Result "0-1"]
[BlackTitle "FM"]
[WhiteElo "1987"]
[BlackElo "2324"]
[WhiteFideId "2018756"]
[BlackFideId "1444816"]
[EventDate "2024.03.15"]

1. e4 e5 2. Nf3 Nc6 3. Bb5 a6 4. Bxc6 dxc6 5. O-O Bg4 6. h3 h5 7. d3 Qf6 8. Be3
Bxf3 9. Qxf3 Qxf3 10. gxf3 Bd6 11. Nd2 f5 12. exf5 Ne7 13. Ne4 Nxf5 14. f4 exf4
15. Nxd6+ cxd6 16. Bxf4 Kd7 17. Be3 Rae8 18. Rae1 Nh4 19. f4 Rhf8 20. Bd2 Rxe1
21. Bxe1 Nf5 22. Bd2 Rf6 23. Rf2 Nh4 24. Kh2 Ke6 25. Kg3 Nf5+ 26. Kh2 Kf7 27. c3
d5 28. Re2 Re6 29. Rxe6 Kxe6 30. Kg2 Nh4+ 31. Kg3 Ng6 32. Be3 Kf5 33. Kf3 Nf8
34. a4 Ne6 35. b4 b5 36. axb5 axb5 37. Bd2 c5 38. bxc5 Nxc5 39. Ke3 Nb7 40. Kf3
Nc5 41. Ke3 Ne6 42. Kf3 g6 43. d4 Ng7 44. Bc1 Ne8 45. Ba3 Nf6 46. Be7 Ne4 47.
Bb4 Kf6 48. Ba5 Ke6 49. Bb4 Kf5 50. Ba5 Nd2+ 51. Kg3 Ke4 52. Bc7 Ke3 53. Kh4 Ne4
54. Be5 Nxc3 55. Kg5 b4 56. f5 gxf5 57. Bf4+ Ke4 58. Bd2 Na2 0-1

[Event "Reykjavik Open 2024"]
[Site "Reykjavik ISL"]
[Date "2024.03.15"]
[Round "1.68"]
[White "Grigoriev, Dmitriy"]
[Black "Mendes Aaron Reeve"]
[Result "0-1"]
[BlackTitle "FM"]
[WhiteElo "1986"]
[BlackElo "2309"]
[WhiteFideId "34181676"]
[BlackFideId "25954938"]
[EventDate "2024.03.15"]

1. e4 c5 2. d4 Nf6 3. e5 Nd5 4. c4 Nc7 5. d5 d6 6. Bf4 dxe5 7. Bxe5 Nd7 8. Bg3
e5 9. Nc3 Bd6 10. Bd3 O-O 11. Qc2 g6 12. h4 Re8 13. O-O-O Nf6 14. Nf3 Bg4 15.
Rde1 Bxf3 16. gxf3 Nh5 17. Rhg1 a6 18. Ne4 b5 19. Ng5 bxc4 20. Qxc4 Nb5 21. Qg4
Nxg3 22. fxg3 Nd4 23. Qe4 Rb8 24. Rg2 Qa5 25. Nxh7 Kxh7 26. h5 f5 27. hxg6+ Kg7
28. Qe3 c4 29. Bb1 c3 30. Rh1 f4 31. gxf4 cxb2+ 32. Kd1 Qa4+ 33. Ke1 exf4 34.
Rh7+ Kg8 0-1

[Event "Reykjavik Open 2024"]
[Site "Reykjavik ISL"]
[Date "2024.03.15"]
[Round "1.69"]
[White "Bjornsson, Sigurbjorn"]
[Black "Nolsoe, Rani"]
[Result "1-0"]
[WhiteTitle "FM"]
[WhiteElo "2305"]
[BlackElo "1986"]
[WhiteFideId "2300974"]
[BlackFideId "7200064"]
[EventDate "2024.03.15"]

1. e4 e5 2. Nf3 d6 3. d4 Nf6 4. Nc3 Nbd7 5. Bc4 Be7 6. O-O O-O 7. a4 c6 8. Re1
b6 9. Ba2 Qc7 10. h3 a6 11. Be3 Bb7 12. dxe5 dxe5 13. Nh4 Rfe8 14. Nf5 Bf8 15.
Qf3 Nc5 16. a5 bxa5 17. Nxg7 Kxg7 18. Bh6+ Kg8 19. Bxf8 Kxf8 20. Qxf6 Bc8 21.
Qh6+ Ke7 22. Bxf7 Rf8 23. Bc4 Be6 24. Qxh7+ Rf7 25. Qh4+ Rf6 26. Bxe6 Nxe6 27.
Rad1 Rg8 28. Rd3 Kf7 29. Ne2 Rfg6 30. Rf3+ Ke8 31. Rg3 Qb6 32. Qh5 1-0

[Event "Reykjavik Open 2024"]
[Site "Reykjavik ISL"]
[Date "2024.03.15"]
[Round "1.70"]
[White "Petursson, Gudni"]
[Black "Papadiamandis, Elliot"]
[Result "1/2-1/2"]
[BlackTitle "IM"]
[WhiteElo "1983"]
[BlackElo "2302"]
[WhiteFideId "2301725"]
[BlackFideId "36074160"]
[EventDate "2024.03.15"]

1. e4 c5 2. c3 d5 3. exd5 Qxd5 4. d4 e6 5. Nf3 Nf6 6. Be2 Nc6 7. O-O Be7 8. Na3
O-O 9. Nb5 Qd8 10. dxc5 Bxc5 11. Bf4 Nd5 12. Bg3 a6 13. Nbd4 Nxd4 14. Nxd4 Qf6
15. Nb3 Ba7 16. Bf3 Rd8 17. Qe2 Nf4 18. Qe4 e5 19. Bxf4 exf4 20. Rad1 Rf8 21.
Nd4 Rb8 22. Rfe1 Bd7 23. Qe5 Qb6 24. b3 Rbc8 25. Qe7 Rc7 26. Qe5 Rc5 27. Qe7 Rc7
28. Qe5 Bb8 29. Ne2 Rcc8 30. Qd4 Qxd4 31. Rxd4 Bc6 32. Bxc6 Rxc6 33. c4 Re8 34.
Kf1 Rce6 35. Rdd1 Kf8 36. Nd4 Rxe1+ 37. Rxe1 Rd8 38. Nf3 Ba7 39. Ke2 Re8+ 40.
Kf1 Rd8 41. Ke2 Ke7 42. Rc1 Kf6 43. b4 Re8+ 44. Kf1 Re4 45. a3 g5 46. c5 g4 47.
Nd2 Re7 48. Nc4 Rd7 49. Ke2 Bb8 50. Rc3 Bc7 1/2-1/2

[Event "Reykjavik Open 2024"]
[Site "Reykjavik ISL"]
[Date "2024.03.15"]
[Round "1.71"]
[White "Hopman, Pieter"]
[Black "Acarbay, Algi"]
[Result "1-0"]
[WhiteTitle "IM"]
[WhiteElo "2297"]
[BlackElo "1981"]
[WhiteFideId "1005669"]
[BlackFideId "6303692"]
[EventDate "2024.03.15"]

1. d4 d5 2. c4 e6 3. Nc3 a6 4. cxd5 exd5 5. Bf4 Nf6 6. e3 c5 7. Nf3 Nc6 8. Be2
Be7 9. Ne5 Qb6 10. O-O c4 11. Na4 Qd8 12. Nxc6 bxc6 13. b3 cxb3 14. axb3 O-O 15.
Qc2 Bd7 16. Bd3 Re8 17. Rfe1 a5 18. Nc5 Bxc5 19. Qxc5 Ne4 20. Bxe4 Rxe4 21. Re2
g5 22. Be5 f6 23. Bd6 h5 24. Rea2 h4 25. b4 h3 26. Rxa5 Rc8 27. Ra7 Qe8 28. Qc2
f5 29. Be5 Rg4 30. g3 Re4 31. Qd1 g4 32. Rb7 Qe6 33. Raa7 Rd8 34. Qe2 Rxe5 35.
dxe5 d4 36. exd4 Qd5 37. Qa2 1-0

[Event "Reykjavik Open 2024"]
[Site "Reykjavik ISL"]
[Date "2024.03.15"]
[Round "1.72"]
[White "Heppert, Lars"]
[Black "Xu, Yuanyuan"]
[Result "0-1"]
[BlackTitle "WGM"]
[WhiteElo "1981"]
[BlackElo "2288"]
[WhiteFideId "24668575"]
[BlackFideId "8601089"]
[EventDate "2024.03.15"]

1. Nf3 d5 2. e3 Nf6 3. c4 e6 4. Nc3 Bd6 5. b3 O-O 6. Bb2 Re8 7. Qc2 c6 8. Ng5 h6
9. h4 Nbd7 10. cxd5 exd5 11. Nf3 Ng4 12. Be2 Ndf6 13. O-O Ne4 14. Nd1 Bf5 15. d3
Nef6 16. Rc1 Qe7 17. Qb1 Rad8 18. Qa1 Nh5 19. Re1 Bb8 20. Bf1 Qd6 21. Kh1 Be4
22. Ne5 Nxe5 23. Bxe5 Rxe5 24. f4 Nxf4 25. dxe4 Rxe4 26. g3 Nh5 27. Rc2 Qxg3 28.
Qc3 Rxh4+ 0-1

[Event "Reykjavik Open 2024"]
[Site "Reykjavik ISL"]
[Date "2024.03.15"]
[Round "1.73"]
[White "Soderstrom, Adrian"]
[Black "Mensing, Adrian"]
[Result "1-0"]
[WhiteTitle "FM"]
[WhiteElo "2288"]
[BlackElo "1980"]
[WhiteFideId "1745786"]
[BlackFideId "1043293"]
[EventDate "2024.03.15"]

1. e4 c5 2. Nf3 d6 3. d4 cxd4 4. Nxd4 Nf6 5. Nc3 a6 6. Bg5 e6 7. f4 Be7 8. Qf3
Qc7 9. O-O-O Nbd7 10. g4 h6 11. Bxf6 Bxf6 12. h4 Nb6 13. g5 Bxd4 14. Rxd4 Qc5
15. Qf2 Bd7 16. e5 d5 17. Rg1 Bb5 18. Ne4 Qc6 19. Nd6+ Ke7 20. f5 Raf8 21. gxh6 1-0

[Event "Reykjavik Open 2024"]
[Site "Reykjavik ISL"]
[Date "2024.03.15"]
[Round "1.74"]
[White "Omarsson, Adam"]
[Black "Manish Anto, Cristiano F"]
[Result "1/2-1/2"]
[BlackTitle "IM"]
[WhiteElo "1976"]
[BlackElo "2286"]
[WhiteFideId "2311453"]
[BlackFideId "25095927"]
[EventDate "2024.03.15"]

1. d4 Nf6 2. c4 e6 3. Nc3 Bb4 4. e3 d5 5. Bd3 c5 6. Nf3 O-O 7. O-O cxd4 8. exd4
dxc4 9. Bxc4 b6 10. a3 Bxc3 11. bxc3 Qc7 12. Qd3 Bb7 13. Bd2 Nbd7 14. Ba2 Ng4
15. d5 exd5 16. Qf5 Ngf6 17. Bf4 Qxc3 18. Rfc1 Qb2 19. Rcb1 Qxa3 20. Bb3 Qe7 21.
Re1 Qb4 22. Ba4 g6 23. Qg5 Ne4 24. Rxe4 dxe4 25. Bxd7 f6 26. Be6+ Kh8 27. Nh4
Qe7 28. Qh6 Qg7 29. Qxg7+ Kxg7 30. Rc1 Rac8 31. Bxc8 Rxc8 32. Rd1 Bc6 33. Be3 a5
34. Bxb6 Rb8 35. Bxa5 Rb5 36. Bd8 g5 37. h3 gxh4 38. Rd6 Ba8 39. Bxf6+ Kf7 40.
Bxh4 Rb1+ 41. Kh2 e3 42. fxe3 Rb2 43. Rf6+ Kg7 44. Rf2 Rxf2 45. Bxf2 Kg6 46. Bg3
h5 47. Bf4 Kf5 48. Kg1 Bb7 49. Kf2 Bc6 50. g4+ 1/2-1/2